00351nam a2200133Ia 450000500170000000800410001705000260005824500410008426000220012530000490014744000060019652100070020252600080020920140403135820.0140130s9999 xx 000 0 und d aPZ 7b.H778125Ap 2005 cHopkinson, DeborahaApples to Oregon bScholastic,c2004 a1 v. (unpaged) : bcol. ill. ; c23 x 29 cm. v1 aG6 c840